00777nam a2200193Ia 4500003000900000008004100009020001800050040001600068080002400084111007700108245020800185260005000393300001400443490003900457650001300496650001500509700002100524710003800545IN-BaIIA211028s9999 xx 000 0 eng d a0-7354-0201-9 cIIA Library a524.354(082.2)bNEU aWorkshop on Neutrino Factories and Superbeamsn5thcUSAd2003 June 5 -11 0aNeutrino factories and superbeamsb5th International workshop on neutrino factories and superbeams held in New York, USA, 5 - 11 June 2003cedited by Adam Para  aMelvillebAmerican Institute of Physicsc2004 axi, 485p. aAIP conference proceedings; v. 721 aNeutrino aSuperbeams aPara, Adam., ed. aAmerican Institute of Physics